000 00692nam a2200241Ia 4500
003 OSt
005 20221007082330.0
006 a|||||r|||| 00| 0
007 ta
008 221006b |||||||| |||| 00| 0 eng d
024 _a29,934
037 _cReports / Technical Reports
040 _aFLL
_cFLL
_beng
041 _2eng
_aeng
082 _aX:9.1.N4, H7
110 _aInternational Labour Office
245 0 _aPreparatory asiatic regional conference of the international labour organisation
260 _c1947
300 _aiv,335p
_ccm.
700 _aInternational Labour Office
942 _hX:9.1.N4, H7
_cREP
_2CC
999 _c1166090
_d1166090